00707nam a2200157Ia 4500008004100000100003500041245007000076245015600146260005300302260001800355300000800373650001500381856006100396999001900457952007300476170221s9999 xx 000 0 und d aMikhail Vasilievich Vinichenko aStudent Employment during College Studies and After Career Start  cMikhail Vasilievich Vinichenko, Sergey Anatolyevich Makushkin, Alexander Vasilievich Melnichuk, Elena Victorovna Frolova, Svetlana Nikolaevna Kurbakova bInternational Review of Management and Marketing cDecember 2012 a4:2 xMarketing. uhttp://www.econjournals.com/index.php/irmm/issue/view/83 c310391d310391 001040aCLbCLd2017-02-21l0r2017-02-21 00:00:00w2017-02-21yFOJ